00559cam a22002054a 45000010009000000050017000090080041000260100017000670200028000840400018001120410008001300420008001380430012001460800021001580820025001791000007002041010008002112450070002195040064002891238226520180309074726.0010417s2001 dcua b 001 0 eng  a 2001035332 a1574883240 (alk. paper) aDLCcDLCdDLC aeng apcc an-us--- a323.44809773 MEL00a323.44809773 MEL2211 a20 aPOL10aSecrecy wars :cPhilip H. Melanson ; foreword by Anthony Summers. aIncludes bibliographical references (p. 259-263) and index.